000
00261nam a2200097Ia 4500
001
640802
005
20250826153454.0
008
250824s9999 xx 000 0 und d
245
0
_a
KOÇYİĞİT SEYİT BATTAL GAZİ
_c
AHMET YILMAZ BOYUNAĞA
260
_b
GENÇ TİMAŞ
999
_c
640802
_d
640802